| 000 | 00397nam a2200145Ia 4500 | ||
|---|---|---|---|
| 008 | 230411s9999 xx 000 0 und d | ||
| 020 | _a0 412 54310 9 | ||
| 041 | _aeng | ||
| 082 | _aMS/617.412/MAR/MAR/B05929 | ||
| 100 |
_aMarks Charles & Marks Peter _9178784 |
||
| 245 | _aFundamentals of Cardiac Surgery | ||
| 260 |
_bChapman and Hall _aLondon _c1993 |
||
| 300 | _a242p | ||
| 999 |
_c156393 _d156393 |
||